000 003760000a22001450004500
003 MACL
040 _aMACL
090 _c8431
_d8430
100 _aChattopadhyay, Boudhayan
245 _aAgrarian Structure, Movements and Peasant Organisations in India
_bWest Bengal volume-4
260 _bManak Publications
_c2004
350 _a5000
650 _aSociology
942 _cBOOK
_k300
999 _c8377
_d8377